[Event "10th Leiden Open A 2016"]
[Site "Leiden NED"]
[Date "2016.07.16"]
[Round "2.4"]
[White "Ikonnikov,Vy"]
[Black "Slingerland,F"]
[Result "1/2-1/2"]
[WhiteTitle "GM"]
[BlackTitle "IM"]
[WhiteElo "2538"]
[BlackElo "2319"]
[WhiteFideId "4100972"]
[BlackFideId "1002473"]
[EventDate "2016.07.15"]

1. d4 d5 2. Nf3 Nf6 3. c4 dxc4 4. e3 e6 5. Bxc4 c5 6. O-O Nc6 7. Qe2 a6 8. Bb3
Qc7 9. Nc3 Be7 10. dxc5 Bxc5 11. Bd2 O-O 12. Rac1 Rd8 13. Nd5 exd5 14. Rxc5 Qe7
15. Rcc1 Bg4 16. Qe1 Bxf3 17. gxf3 Qe6 18. Kg2 Ne4 19. Rh1 Qg6+ 20. Kf1 Nxd2+
21. Qxd2 Qf5 22. Rg1 Qxf3 23. Rg2 Rac8 24. Kg1 g6 25. Rg3 Qe4 26. h3 Ne7 27. Rd1
h5 28. Rg5 Qf3 29. Kh2 Kh7 30. Re5 Rc7 31. Rg1 Qf6 32. f4 Nc6 33. Rxd5 Rxd5 34.
Bxd5 Rd7 35. Rd1 Ne7 36. e4 Nxd5 37. exd5 Rd6 38. Kg3 Qf5 39. Qd4 g5 40. fxg5
Qxg5+ 41. Kh2 Rg6 42. Qf2 Qe5+ 43. Kh1 Qe4+ 44. Kh2 Qe5+ 1/2-1/2

[Event "10th Leiden Open A 2016"]
[Site "Leiden NED"]
[Date "2016.07.16"]
[Round "2.5"]
[White "Van Beek,Al"]
[Black "Horvath,Cs1"]
[Result "1/2-1/2"]
[WhiteTitle "IM"]
[BlackTitle "GM"]
[WhiteElo "2284"]
[BlackElo "2520"]
[WhiteFideId "1007262"]
[BlackFideId "700118"]
[EventDate "2016.07.15"]

1. Nf3 Nf6 2. c4 e6 3. g3 d5 4. d4 c6 5. Bg2 dxc4 6. Ne5 Bb4+ 7. Bd2 Qxd4 8.
Bxb4 Qxe5 9. Na3 b5 10. Bd6 Qxb2 11. O-O Nd5 12. Nxb5 Qxb5 13. Qd4 f6 14. Rfb1
Qa5 15. Rxb8 Rxb8 16. Bxb8 c5 17. Qxc4 Ba6 18. Qg4 Kf7 19. Bxd5 exd5 20. Qd7+
Kg6 21. Qg4+ Kf7 22. Qd7+ Kg6 23. Qg4+ 1/2-1/2

[Event "10th Leiden Open A 2016"]
[Site "Leiden NED"]
[Date "2016.07.16"]
[Round "2.6"]
[White "Lentjes,N"]
[Black "Pijpers,A"]
[Result "1/2-1/2"]
[BlackTitle "IM"]
[WhiteElo "2250"]
[BlackElo "2473"]
[WhiteFideId "1029827"]
[BlackFideId "1019554"]
[EventDate "2016.07.15"]

1. e4 c5 2. Nf3 Nc6 3. d4 cxd4 4. Nxd4 g6 5. c4 Bg7 6. Be3 Nf6 7. Nc3 Ng4 8.
Qxg4 Nxd4 9. Qd1 Ne6 10. Qd2 Qa5 11. Be2 Bxc3 12. bxc3 d6 13. O-O Qc7 14. f4 b6
15. f5 Nd8 16. Bd4 f6 17. Qh6 Nf7 18. Qg7 g5 19. h4 gxh4 20. Bh5 Rf8 21. Be3 Ba6
22. Bh6 Kd7 23. Bxf7 Rxf7 24. Qxf7 Bxc4 25. Qh5 Bxf1 26. Rxf1 Qc5+ 27. Kh1 Qc4
28. Qf3 Rg8 29. Bf4 Qxa2 30. Rf2 Qb1+ 31. Rf1 Qa2 32. Rf2 Qb1+ 33. Rf1 1/2-1/2

[Event "10th Leiden Open A 2016"]
[Site "Leiden NED"]
[Date "2016.07.16"]
[Round "2.7"]
[White "Pruijssers,R"]
[Black "Behrens,H"]
[Result "1-0"]
[WhiteTitle "GM"]
[BlackTitle "FM"]
[WhiteElo "2463"]
[BlackElo "2248"]
[WhiteFideId "1013068"]
[BlackFideId "4602889"]
[EventDate "2016.07.15"]

1. e4 e6 2. d4 d5 3. Nd2 a6 4. Ngf3 c5 5. c3 Nc6 6. Bd3 Nf6 7. e5 Nd7 8. O-O Be7
9. Re1 b5 10. Nf1 h6 11. Ng3 Qb6 12. Be3 a5 13. Nh5 Kf8 14. Nd2 g6 15. Nf4 Kg7
16. Qg4 Nf8 17. dxc5 Bxc5 18. Nh5+ Kg8 19. Nf6+ Kg7 20. Ne8+ Kg8 21. Nf6+ Kg7
22. Ne8+ Kg8 23. h4 h5 24. Nf6+ Kg7 25. Ne8+ Kg8 26. Qg5 Ba6 27. Bxc5 Qxc5 28.
Nc7 Ra7 29. Nxa6 Rxa6 30. a4 Na7 31. Nb3 Qb6 32. Nd4 Nd7 33. axb5 1-0

[Event "10th Leiden Open A 2016"]
[Site "Leiden NED"]
[Date "2016.07.16"]
[Round "2.8"]
[White "Kerkvliet,M"]
[Black "Ten Hertog,H"]
[Result "0-1"]
[BlackTitle "FM"]
[WhiteElo "2210"]
[BlackElo "2458"]
[WhiteFideId "1025546"]
[BlackFideId "1026356"]
[EventDate "2016.07.15"]

1. d4 g6 2. Nf3 Bg7 3. g3 Nf6 4. Bg2 O-O 5. O-O d6 6. c4 c6 7. Nc3 a6 8. a4 a5
9. e4 Bg4 10. h3 Bxf3 11. Bxf3 Nfd7 12. Be3 Na6 13. Qd2 Qc7 14. Be2 e5 15. dxe5
dxe5 16. Rad1 Rfd8 17. Qc1 Nac5 18. f4 Nb3 19. Qb1 exf4 20. gxf4 Bd4 21. Bxd4
Nxd4 22. Kg2 Nc5 23. Bd3 Nde6 24. Ne2 Nxa4 25. h4 Nac5 26. h5 Nxd3 27. Rxd3 Nc5
28. Rdd1 Rxd1 29. Rxd1 Rd8 30. Kf3 Qe7 31. Ng3 Rd7 32. hxg6 hxg6 33. Qc2 Qd8 34.
Rxd7 Qxd7 35. Ke3 Qg4 36. Ne2 Qh3+ 0-1

[Event "10th Leiden Open A 2016"]
[Site "Leiden NED"]
[Date "2016.07.16"]
[Round "2.10"]
[White "Galehdari,B"]
[Black "Sukandar,I"]
[Result "0-1"]
[BlackTitle "IM"]
[WhiteElo "2080"]
[BlackElo "2419"]
[WhiteFideId "12505897"]
[BlackFideId "7101937"]
[EventDate "2016.07.15"]

1. e4 c5 2. Nf3 Nc6 3. d4 cxd4 4. Nxd4 e5 5. Nb5 d6 6. c4 Be7 7. Be2 f5 8. exf5
Bxf5 9. Bg4 Bxg4 10. Qxg4 Nf6 11. Qh3 a6 12. N5a3 Nd4 13. O-O Ne2+ 14. Kh1 Nxc1
15. Rxc1 Qb6 16. Nc3 Qxf2 17. Qe6 Qh4 18. Nd5 Ne4 19. c5 Ng3+ 0-1

[Event "10th Leiden Open A 2016"]
[Site "Leiden NED"]
[Date "2016.07.16"]
[Round "2.11"]
[White "Beerdsen,Thomas"]
[Black "Schroer,M"]
[Result "1-0"]
[WhiteTitle "FM"]
[WhiteElo "2414"]
[BlackElo "2033"]
[WhiteFideId "1030108"]
[BlackFideId "1012908"]
[EventDate "2016.07.15"]

1. e4 c6 2. d4 d5 3. Nd2 dxe4 4. Nxe4 Bf5 5. Ng3 Bg6 6. h4 h6 7. Nf3 Nd7 8. h5
Bh7 9. Bd3 Bxd3 10. Qxd3 e6 11. Bd2 Qc7 12. O-O-O O-O-O 13. Ne4 Ngf6 14. Nxf6
Nxf6 15. Qe2 Bd6 16. Kb1 Kb8 17. c4 c5 18. Bc3 cxd4 19. Nxd4 a6 20. f3 Ka8 21.
Nb3 Bg3 22. Rc1 Rd7 23. c5 Rd5 24. c6 Rb8 25. Ba5 b6 26. Qxa6+ Qa7 27. Qxa7+
Kxa7 28. Bc3 Nxh5 29. Nd4 Bf2 30. c7 Re8 31. Nc6+ Kb7 32. Nd8+ Kxc7 33. Nxf7 Re7
34. Bf6+ Kd7 35. Ne5+ Rxe5 36. Bxe5 Ng3 37. Rhd1+ Ke8 38. Rc2 1-0

[Event "10th Leiden Open A 2016"]
[Site "Leiden NED"]
[Date "2016.07.16"]
[Round "2.12"]
[White "Hilarius,S"]
[Black "Hendriks,W"]
[Result "0-1"]
[BlackTitle "IM"]
[WhiteElo "1945"]
[BlackElo "2407"]
[WhiteFideId "1014102"]
[BlackFideId "1000713"]
[EventDate "2016.07.15"]

1. d4 Nf6 2. c4 g6 3. Nc3 Bg7 4. e4 d6 5. h3 O-O 6. Bg5 h6 7. Be3 c5 8. d5 e6 9.
Nf3 exd5 10. cxd5 Qe7 11. Bd3 Nxe4 12. Nxe4 f5 13. Nxd6 Qxd6 14. Qc1 Kh7 15. O-O
Nd7 16. Bf4 Qxd5 17. Bc4 Qc6 18. Qd2 Nb6 19. Bb3 c4 20. Rac1 Be6 21. Ne5 Qc5 22.
Rfe1 Rfe8 23. Bd1 Rad8 24. Qc2 Bg8 25. Nf3 Rxe1+ 26. Nxe1 Qd4 27. Bc7 Re8 28.
Nf3 Qxb2 0-1

[Event "10th Leiden Open A 2016"]
[Site "Leiden NED"]
[Date "2016.07.16"]
[Round "2.13"]
[White "Peng Zhaoqin"]
[Black "Mensing,Andrew"]
[Result "1-0"]
[WhiteTitle "GM"]
[WhiteElo "2385"]
[BlackElo "1959"]
[WhiteFideId "1004786"]
[BlackFideId "1043285"]
[EventDate "2016.07.15"]

1. d4 Nf6 2. c4 c5 3. d5 e6 4. Nc3 exd5 5. cxd5 d6 6. e4 g6 7. Bb5+ Bd7 8. Bd3
Bg7 9. Nge2 O-O 10. O-O Na6 11. f3 Rb8 12. Be3 Qe7 13. Qd2 Rfc8 14. Rae1 b5 15.
a3 c4 16. Bc2 Nc5 17. Nd1 Be8 18. Nd4 Qc7 19. Nf2 a5 20. Bh6 Bh8 21. Nf5 Nh5 22.
g4 gxf5 23. gxh5 Bxb2 24. Qg5+ Kh8 25. e5 f6 26. exf6 Qf7 27. Bg7+ Kg8 28. Ng4 1-0

[Event "10th Leiden Open A 2016"]
[Site "Leiden NED"]
[Date "2016.07.16"]
[Round "2.14"]
[White "Vaibhav,Aggarwal"]
[Black "Kevlishvili,Robby"]
[Result "0-1"]
[BlackTitle "FM"]
[WhiteElo "1799"]
[BlackElo "2384"]
[WhiteFideId "25075950"]
[BlackFideId "1040634"]
[EventDate "2016.07.15"]

1. e4 c5 2. c3 d5 3. exd5 Qxd5 4. d4 g6 5. Nf3 Bg7 6. Na3 cxd4 7. Nb5 Na6 8.
Nbxd4 Nf6 9. Bb5+ Bd7 10. Bxd7+ Nxd7 11. O-O O-O 12. Nb3 Qc6 13. Qe2 Rfe8 14.
Be3 Nb6 15. Nfd4 Qc8 16. Nb5 Qb8 17. Nxa7 Nd5 18. Nb5 Qe5 19. N5d4 Nxe3 20. Qxe3
Qxe3 21. fxe3 Nc7 22. e4 Ra4 23. Rfd1 b6 24. a3 e5 25. Nf3 Rxe4 26. Rd7 Ne6 27.
Re1 Rxe1+ 28. Nxe1 e4 29. Nd2 Nc5 30. Rd5 Na4 31. Rb5 Bf8 32. Nc4 Bc5+ 33. Kf1
Re6 34. Ke2 Rf6 35. Rb3 Rf2+ 36. Kd1 f5 37. Nd2 Kf7 38. Nc4 Ke6 39. Nd2 h5 40.
c4 Bd4 0-1

[Event "10th Leiden Open A 2016"]
[Site "Leiden NED"]
[Date "2016.07.16"]
[Round "2.15"]
[White "Pavlovic,Milos"]
[Black "Van der Pluijm,Dik"]
[Result "1-0"]
[WhiteTitle "GM"]
[WhiteElo "2475"]
[BlackElo "1905"]
[WhiteFideId "900389"]
[BlackFideId "1039687"]
[EventDate "2016.07.15"]

1. Nf3 f5 2. d4 Nf6 3. Bf4 g6 4. e3 Bg7 5. Bc4 d5 6. Be2 O-O 7. c4 c5 8. Nc3
cxd4 9. Nxd4 Nc6 10. O-O Nxd4 11. Qxd4 Qb6 12. cxd5 Qxd4 13. exd4 Rd8 14. Rfe1
e6 15. Bc7 Rd7 16. d6 Ne8 17. Bb5 Nxc7 18. Bxd7 Bxd7 19. dxc7 Rc8 20. d5 Rxc7
21. dxe6 Bc6 22. Rad1 Kf8 23. Nd5 Bxd5 24. Rxd5 Ke7 25. b3 Bb2 26. Rd3 a6 27.
Rh3 h5 28. Rg3 1-0

[Event "10th Leiden Open A 2016"]
[Site "Leiden NED"]
[Date "2016.07.16"]
[Round "2.18"]
[White "Rosen,E"]
[Black "Van Halderen,H"]
[Result "1-0"]
[WhiteTitle "IM"]
[WhiteElo "2393"]
[BlackElo "2079"]
[WhiteFideId "2032562"]
[BlackFideId "1026682"]
[EventDate "2016.07.15"]

1. d4 Nf6 2. Nf3 e6 3. Bf4 c5 4. e3 d5 5. c3 Nc6 6. Nbd2 Bd6 7. Bg3 O-O 8. Bd3
Re8 9. Ne5 Qc7 10. f4 c4 11. Bc2 b5 12. Bh4 Be7 13. O-O Nd8 14. Qf3 Bb7 15. f5
Ne4 16. Bxe7 Rxe7 17. Nxe4 dxe4 18. Bxe4 exf5 19. Qxf5 Bxe4 20. Qxe4 Rb8 21. Rf3
Rb6 22. Raf1 g6 23. Qh4 Kg7 24. Ng4 h5 25. Nf6 Ree6 26. Nd5 Qd6 27. Nxb6 Qxb6
28. e4 1-0

[Event "10th Leiden Open A 2016"]
[Site "Leiden NED"]
[Date "2016.07.16"]
[Round "2.24"]
[White "Van der Marel,B"]
[Black "Bulthuis,Jelle"]
[Result "1-0"]
[WhiteElo "2195"]
[BlackElo "1962"]
[WhiteFideId "1005855"]
[BlackFideId "1047108"]
[EventDate "2016.07.15"]

1. b3 Nf6 2. Bb2 d5 3. e3 c5 4. Nf3 e6 5. d4 Nc6 6. Bd3 Bd6 7. O-O Qc7 8. c4 b6
9. Nc3 a6 10. Rc1 dxc4 11. bxc4 cxd4 12. exd4 Bf4 13. Rb1 O-O 14. Ne4 Nxe4 15.
Bxe4 Bb7 16. d5 Rad8 17. g3 Bh6 18. Ba3 f5 19. Bd3 Rfe8 20. Qb3 Ne5 21. Nxe5
Qxe5 22. Qxb6 Ba8 23. Bb2 Qd6 24. Qxd6 Rxd6 25. Rfe1 Bd2 26. Re2 Ba5 27. Bxf5 1-0

[Event "10th Leiden Open A 2016"]
[Site "Leiden NED"]
[Date "2016.07.16"]
[Round "2.27"]
[White "Frost,P"]
[Black "De Niet,GM"]
[Result "0-1"]
[WhiteElo "1907"]
[BlackElo "2165"]
[WhiteFideId "3204634"]
[BlackFideId "1006100"]
[EventDate "2016.07.15"]

1. d4 Nf6 2. c4 g6 3. Nc3 d5 4. cxd5 Nxd5 5. Na4 Bg7 6. e4 Nb6 7. Be3 O-O 8. Nf3
Bg4 9. Nc5 Nc6 10. Nxb7 Qb8 11. Nc5 Nxd4 12. Bxd4 Bxf3 13. gxf3 Rd8 14. Qc2 Bxd4
15. Ba6 Rd6 16. O-O Qf8 17. Rac1 Qh6 18. Nd3 Nd7 19. Bb7 Rd8 20. f4 c5 21. e5
Rb6 22. Bg2 Nf8 23. b3 Ne6 24. Qd2 Bxe5 25. Qe3 Bd4 26. Qg3 Rbd6 27. f5 Ng7 28.
fxg6 Rxg6 29. Qc7 Ne6 30. Qb7 Kh8 31. Kh1 Rg4 32. Qf3 Rdg8 33. Rg1 Rh4 34. h3
Ng5 35. Qg3 Nxh3 36. Qxg8+ Kxg8 37. Bxh3+ Kf8 0-1

[Event "10th Leiden Open A 2016"]
[Site "Leiden NED"]
[Date "2016.07.16"]
[Round "2.21"]
[White "Van Orsouw,Theo"]
[Black "Van Osch,Mees"]
[Result "0-1"]
[BlackTitle "FM"]
[WhiteElo "1966"]
[BlackElo "2275"]
[WhiteFideId "1047051"]
[BlackFideId "1035967"]
[EventDate "2016.07.15"]

1. c4 Nf6 2. Nc3 g6 3. d4 Bg7 4. e4 d6 5. f3 O-O 6. Be3 c5 7. d5 a6 8. a4 Nfd7
9. Qd2 Ne5 10. O-O-O Qa5 11. h4 Nbd7 12. h5 Re8 13. hxg6 fxg6 14. g4 Qb4 15. Qh2
Nf8 16. Bh6 Bxh6+ 17. Qxh6 b5 18. cxb5 axb5 19. Bxb5 Ba6 20. Bxe8 Rxe8 21. Nh3
Rb8 22. Rh2 Nc4 23. Rdd2 Nxb2 24. Rxb2 Qxc3+ 25. Kb1 Bd3+ 26. Ka1 Qa3+ 27. Ra2
Rb1# 0-1

[Event "10th Leiden Open A 2016"]
[Site "Leiden NED"]
[Date "2016.07.17"]
[Round "3.1"]
[White "Van Wely,L"]
[Black "Sukandar,I"]
[Result "1-0"]
[WhiteTitle "GM"]
[BlackTitle "IM"]
[WhiteElo "2662"]
[BlackElo "2419"]
[WhiteFideId "1000268"]
[BlackFideId "7101937"]
[EventDate "2016.07.15"]

1. d4 Nf6 2. c4 e6 3. g3 Bb4+ 4. Bd2 Bxd2+ 5. Qxd2 d5 6. Bg2 c6 7. Nf3 Nbd7 8.
O-O O-O 9. Rc1 b6 10. b4 Ne4 11. Qf4 Ba6 12. Ne5 Nxe5 13. dxe5 f5 14. f3 Ng5 15.
Na3 Qe7 16. Rab1 c5 17. cxd5 exd5 18. bxc5 bxc5 19. Qd2 Rad8 20. h4 Ne6 21. f4
Nd4 22. Re1 Kh8 23. e3 Nc6 24. Nb5 Bxb5 25. Rxb5 a6 26. Rb6 Qc7 27. Rxa6 Qb7 28.
Ra3 Nb4 29. Rb3 Qa7 30. a3 Nc6 31. Reb1 Na5 32. Rd3 d4 33. exd4 c4 34. Rc3 Rxd4
35. Qe3 Rfd8 36. e6 Qe7 37. Rb5 Nb3 38. Rb7 Qf6 39. Rf7 Qg6 40. Rc7 Rd1+ 41. Kh2
Nd2 42. e7 Re8 43. Qe2 Nb1 44. Qxd1 Nxc3 45. Qd7 Ne2 46. Qxe8+ Qxe8 47. Bc6 1-0

[Event "10th Leiden Open A 2016"]
[Site "Leiden NED"]
[Date "2016.07.17"]
[Round "3.2"]
[White "Hendriks,W"]
[Black "Postny,E"]
[Result "0-1"]
[WhiteTitle "IM"]
[BlackTitle "GM"]
[WhiteElo "2407"]
[BlackElo "2625"]
[WhiteFideId "1000713"]
[BlackFideId "2804344"]
[EventDate "2016.07.15"]

1. e4 e5 2. Nf3 Nc6 3. Bc4 Nf6 4. d3 Be7 5. O-O O-O 6. a4 d6 7. c3 Be6 8. Re1
Qd7 9. Nbd2 Rae8 10. a5 a6 11. Bb3 h6 12. Ba4 Qc8 13. d4 exd4 14. Nxd4 Bd7 15.
Nxc6 Bxc6 16. Bxc6 bxc6 17. Nf1 d5 18. e5 Ne4 19. Ng3 Nxg3 20. hxg3 Qe6 21. Qh5
c5 22. g4 Rb8 23. f4 f5 24. gxf5 Rxf5 25. Qh3 h5 26. Rd1 c6 27. c4 dxc4 28. Ra3
Rb3 29. Rxb3 cxb3 30. Bd2 c4 31. Bc3 Qf7 32. e6 Qxe6 33. Re1 Bc5+ 34. Kh1 Qg6
35. Qf3 Rd5 36. Qe4 Qg4 37. Qe6+ Kh7 38. Qxg4 hxg4 39. Kh2 Bf2 40. Re5 Rd3 0-1

[Event "10th Leiden Open A 2016"]
[Site "Leiden NED"]
[Date "2016.07.17"]
[Round "3.3"]
[White "Sandipan,C"]
[Black "Beerdsen,Thomas"]
[Result "1-0"]
[WhiteTitle "GM"]
[BlackTitle "FM"]
[WhiteElo "2568"]
[BlackElo "2414"]
[WhiteFideId "5004225"]
[BlackFideId "1030108"]
[EventDate "2016.07.15"]

1. d4 Nf6 2. c4 a6 3. f3 c5 4. d5 g6 5. e4 d6 6. Nc3 Bg7 7. Bg5 Nbd7 8. Nh3 Rb8
9. a4 Qb6 10. Qc2 h6 11. Be3 g5 12. Nf2 Nh5 13. Nd3 Ne5 14. Nxe5 Bxe5 15. g3 O-O
16. Bd3 Ng7 17. f4 Bd4 18. a5 Qc7 19. Qd2 f6 20. Bxd4 cxd4 21. Na4 e5 22. f5
Bxf5 23. exf5 e4 24. O-O exd3 25. Nb6 Rbe8 26. Qxd3 Re5 27. b4 Rfe8 28. Ra2 Qe7
29. Rc2 Re1 30. Rf2 Re4 31. Kg2 h5 32. c5 dxc5 33. Qc4 d3 34. Qxc5 Rxb4 35. Qxe7
Rxe7 36. d6 Rf7 37. d7 Rd4 38. Rd2 g4 39. Rfd1 Rfxd7 40. Nxd7 Rxd7 41. Rxd3 Rc7
42. Rd8+ Kh7 43. R1d7 Rc2+ 44. Kg1 Rc1+ 45. Kf2 Rc5 46. Rd5 Rc2+ 47. Ke3 Rxh2
48. R5d7 Rb2 49. Rf8 Rb3+ 50. Ke2 Rb2+ 51. Ke1 Kh6 52. Rh8+ 1-0

[Event "10th Leiden Open A 2016"]
[Site "Leiden NED"]
[Date "2016.07.17"]
[Round "3.4"]
[White "Kevlishvili,Robby"]
[Black "Pruijssers,R"]
[Result "1/2-1/2"]
[WhiteTitle "FM"]
[BlackTitle "GM"]
[WhiteElo "2384"]
[BlackElo "2463"]
[WhiteFideId "1040634"]
[BlackFideId "1013068"]
[EventDate "2016.07.15"]

1. e4 e5 2. Nf3 Nc6 3. Bb5 f5 4. Nc3 Nf6 5. exf5 e4 6. Ng5 d5 7. d3 h6 8. Ne6
Bxe6 9. fxe6 Qd6 10. O-O Qxe6 11. dxe4 dxe4 12. Qd4 a6 13. Bxc6+ Qxc6 14. Bf4
Bd6 15. Bxd6 O-O-O 16. Qa7 cxd6 17. Rfe1 Rhe8 18. Rad1 Qc5 19. Qxc5+ dxc5 20.
Kf1 Rd4 21. b3 Kc7 22. Rxd4 cxd4 23. Ne2 d3 24. cxd3 exd3 25. Nf4 d2 26. Rd1 Ng4 1/2-1/2

[Event "10th Leiden Open A 2016"]
[Site "Leiden NED"]
[Date "2016.07.17"]
[Round "3.5"]
[White "Ten Hertog,H"]
[Black "Peng Zhaoqin"]
[Result "1-0"]
[WhiteTitle "FM"]
[BlackTitle "GM"]
[WhiteElo "2458"]
[BlackElo "2385"]
[WhiteFideId "1026356"]
[BlackFideId "1004786"]
[EventDate "2016.07.15"]

1. c4 e5 2. Nc3 Nc6 3. g3 g6 4. Bg2 Bg7 5. Rb1 a5 6. e3 d6 7. Nge2 Nge7 8. a3
O-O 9. b4 axb4 10. axb4 Be6 11. Nd5 Qd7 12. Nec3 Nd8 13. O-O Nc8 14. Ne4 f6 15.
f4 c6 16. fxe5 cxd5 17. cxd5 Bf5 18. exf6 Bxf6 19. Nxf6+ Rxf6 20. Bb2 Rf7 21. e4
Bh3 22. Bxh3 Qxh3 23. Qc2 Ra2 24. Qc3 Rxb2 25. Qxb2 Nb6 26. Rxf7 Nxf7 27. Qf6
Qd7 28. Rc1 Kf8 29. Rf1 Kg8 30. Qe6 Qc7 31. e5 dxe5 32. d6 Qd7 33. Qe7 Nxd6 34.
Qf8# 1-0

[Event "10th Leiden Open A 2016"]
[Site "Leiden NED"]
[Date "2016.07.17"]
[Round "3.6"]
[White "Van Beek,Al"]
[Black "Ikonnikov,Vy"]
[Result "1/2-1/2"]
[WhiteTitle "IM"]
[BlackTitle "GM"]
[WhiteElo "2284"]
[BlackElo "2538"]
[WhiteFideId "1007262"]
[BlackFideId "4100972"]
[EventDate "2016.07.15"]

1. Nf3 Nf6 2. c4 e6 3. g3 a6 4. Bg2 b5 5. b3 Bb7 6. Nc3 b4 7. Na4 Be7 8. O-O O-O
9. d4 a5 10. Ne5 Bxg2 11. Kxg2 d6 12. Nd3 Nbd7 13. Bb2 Nb6 14. Nxb6 cxb6 15. Re1
d5 16. Rc1 Rc8 17. f3 dxc4 18. bxc4 b5 19. cxb5 Qb6 20. Qa4 Rb8 21. Ne5 Qxb5 22.
Qxb5 Rxb5 23. Nc6 Re8 24. a4 bxa3 25. Nxe7+ Rxe7 26. Rc8+ Re8 27. Rxe8+ Nxe8 28.
Bxa3 f6 29. Rc1 Rb3 30. Ra1 Nc7 31. Bc1 Nb5 32. Rxa5 1/2-1/2

[Event "10th Leiden Open A 2016"]
[Site "Leiden NED"]
[Date "2016.07.17"]
[Round "3.7"]
[White "Horvath,Cs1"]
[Black "Lentjes,N"]
[Result "1/2-1/2"]
[WhiteTitle "GM"]
[WhiteElo "2520"]
[BlackElo "2250"]
[WhiteFideId "700118"]
[BlackFideId "1029827"]
[EventDate "2016.07.15"]

1. c4 c6 2. Nf3 Nf6 3. Nc3 d5 4. e3 Bf5 5. cxd5 cxd5 6. Qb3 Bc8 7. Bb5+ Nc6 8.
Ne5 Bd7 9. Nxd7 Qxd7 10. O-O e6 11. d3 Be7 12. e4 a6 13. Bxc6 Qxc6 14. Bg5 dxe4
15. dxe4 O-O 16. Rac1 Qd6 17. Rfd1 Qe5 18. Bh4 b5 19. Bg3 Qh5 20. f3 Rfd8 21.
Kh1 Rac8 22. Rxd8+ Rxd8 23. Rd1 Qc5 24. Qc2 h6 25. Rxd8+ 1/2-1/2

[Event "10th Leiden Open A 2016"]
[Site "Leiden NED"]
[Date "2016.07.17"]
[Round "3.8"]
[White "Wilschut,P"]
[Black "Pavlovic,Milos"]
[Result "1/2-1/2"]
[BlackTitle "GM"]
[WhiteElo "2237"]
[BlackElo "2475"]
[WhiteFideId "1007165"]
[BlackFideId "900389"]
[EventDate "2016.07.15"]

1. c4 g6 2. Nc3 Bg7 3. g3 Nf6 4. Bg2 O-O 5. Nf3 c6 6. O-O d5 7. cxd5 cxd5 8. d4
e6 9. Ne5 Nfd7 10. Nxd7 Bxd7 11. e3 Nc6 12. b3 Qe7 13. Bb2 Rfc8 14. Re1 Qd8 15.
Qd2 Ne7 16. Rec1 Nf5 17. Ne2 Nd6 18. Rxc8 Rxc8 19. Rc1 Rc6 20. Rxc6 Bxc6 21. Nf4
a5 22. a4 b5 23. Qc2 Qb6 24. axb5 Bxb5 25. Ba3 Bf8 26. Bf1 Qc6 27. Qxc6 Bxc6 28.
Bc5 Ne4 29. Bxf8 Kxf8 30. Nd3 Ke7 31. Nc1 a4 32. bxa4 Bxa4 1/2-1/2

[Event "10th Leiden Open A 2016"]
[Site "Leiden NED"]
[Date "2016.07.17"]
[Round "3.9"]
[White "Pijpers,A"]
[Black "Vistisen,L"]
[Result "1-0"]
[WhiteTitle "IM"]
[WhiteElo "2473"]
[BlackElo "2167"]
[WhiteFideId "1019554"]
[BlackFideId "1404598"]
[EventDate "2016.07.15"]

1. e4 e5 2. Nf3 Nc6 3. Bb5 f5 4. Nc3 fxe4 5. Nxe4 Nf6 6. Nxf6+ Qxf6 7. Qe2 Be7
8. Bxc6 bxc6 9. d4 Qg6 10. O-O d6 11. Qc4 d5 12. Qb3 e4 13. Ne5 Qf6 14. Qa4 O-O
15. Qxc6 Qxc6 16. Nxc6 Bd6 17. Be3 Ba6 18. Rfc1 Rf6 19. Na5 Rb8 20. Nb3 Bc8 21.
Rab1 Rb4 22. Nd2 Ba6 23. a3 Rb8 24. c4 Bxc4 25. Nxc4 dxc4 26. Rxc4 Bxa3 27. Rxc7
a5 28. Ra7 Rb5 29. Ra1 Bb4 30. Rc1 h6 31. g3 Re6 32. Rcc7 Bf8 33. Rc8 Rf6 34.
Re8 Rxb2 35. Rxa5 Kh7 36. Rxe4 Rb1+ 37. Kg2 Bd6 38. Ra6 Rd1 39. Re8 Be5 40. Rxf6
Bxf6 41. Kf3 Kg6 42. Ke4 Kf7 43. Ra8 g5 44. Kf5 Rd3 45. Ra7+ Be7 46. Ke5 Rb3 47.
d5 Rb5 48. g4 1-0

[Event "10th Leiden Open A 2016"]
[Site "Leiden NED"]
[Date "2016.07.17"]
[Round "3.10"]
[White "Slingerland,F"]
[Black "Sagar,S"]
[Result "1-0"]
[WhiteTitle "IM"]
[BlackTitle "IM"]
[WhiteElo "2319"]
[BlackElo "2433"]
[WhiteFideId "1002473"]
[BlackFideId "5022509"]
[EventDate "2016.07.15"]

1. e4 e6 2. d4 d5 3. Nc3 Bb4 4. e5 Ne7 5. Bd2 b6 6. Qg4 O-O 7. h4 Nf5 8. Bd3 c5
9. a3 Bxc3 10. bxc3 Ba6 11. h5 Bxd3 12. cxd3 cxd4 13. h6 dxc3 14. Bxc3 g6 15.
Qf4 Nc6 16. Nf3 d4 17. Bb4 Nxb4 18. axb4 f6 19. O-O g5 20. Qg4 Nxh6 21. Qxe6+
Kh8 22. Nxg5 fxg5 23. Qxh6 Qe7 24. Rfe1 Rf5 25. e6 Re8 26. f3 Rf4 27. Re5 Rg8
28. Qh2 Rh4 29. Qg3 Rf4 30. Rae1 h6 31. b5 Rgf8 32. Rd5 Re8 33. Qf2 Qb4 34. Qe2
Qe7 35. Rd7 Qf6 36. e7 Kg7 37. Rxa7 Rf5 38. Qe4 Kf7 39. Rc7 Rxb5 40. Rc6 Qf5 41.
Qxd4 Rd5 42. Qxb6 Rxe7 43. Rxe7+ Kxe7 44. Rc7+ Rd7 45. Qb4+ Kd8 46. Rxd7+ Qxd7
47. Qf8+ Kc7 48. Qc5+ Kd8 49. d4 Qa4 50. Qf8+ Kd7 51. Qg7+ Kd8 52. Qf6+ Kd7 53.
Kh2 Qc6 54. Qxc6+ Kxc6 55. Kg3 Kd5 56. Kg4 Kxd4 57. Kh5 Ke3 58. Kxh6 Kf4 59. Kh5
Kf5 60. g3 Kf6 61. g4 1-0